[Event "World Youth U-16 Olympiad 2018"]
[Site "Konya"]
[Date "2018.11.26"]
[Round "3"]
[White "Tsaruk, Maksim"]
[Black "Khodashneli, Shota"]
[Result "1-0"]
[WhiteElo "2215"]
[BlackElo "2018"]
[Annotator "ChessBase"]
[PlyCount "131"]
[EventDate "2018.11.25"]
[EventType "team-tourn"]
[EventCountry "TUR"]
[SourceTitle "playchess.com"]
[Source "ChessBase"]
[SourceQuality "1"]
[WhiteTeam "Belarus"]
[BlackTeam "Georgia"]
[WhiteTeamCountry "BLR"]
[BlackTeamCountry "GEO"]

1. e4 g6 2. d4 Bg7 3. Nc3 d6 4. Be3 a6 5. Qd2 b5 6. f3 Bb7 7. g4 h5 8. g5 h4 9. Nge2 Nd7 10. Bh3 Nb6 11. b3 b4 12. Nd1 a5 13. c3 a4 14. Rc1 axb3 15. axb3 bxc3 16. Ndxc3 c6 17. d5 c5 18. Kf2 Bc8 19. Bxc8 Qxc8 20. b4 Nc4 21. Qd3 Ne5 22. Qd2 c4 23. Nf4 f6 24. Bd4 fxg5 25. Bxe5 Bxe5 26. Nxg6 Rh5 27. Nxe5 dxe5 28. d6 Qd8 29. Rhd1 e6 30. Qe3 Nf6 31. h3 Rb8 32. b5 Kf7 33. Qc5 Nd7 34. Qxc4 Rc8 35. Qe2 Qb6+ 36. Qe3 Rhh8 37. Na4 Qxb5 38. Qxg5 Nf6 39. Nc3 Qb2+ 40. Qd2 Qb6+ 41. Qe3 Qb2+ 42. Ne2 Qb7 43. Ra1 Ra8 44. Rdc1 Rhc8 45. Rxc8 Qxc8 46. Ra7+ Rxa7 47. Qxa7+ Nd7 48. Qc7 Qxc7 49. dxc7 Nb6 50. f4 Ke7 51. fxe5 Kd7 52. Nd4 Kxc7 53. Nxe6+ Kd7 54. Nc5+ Ke7 55. Kf3 Nc4 56. Kf4 Nd2 57. Nb7 Ke6 58. Nd8+ Kd7 59. Nf7 Ke7 60. Nd6 Nb3 61. Nf5+ Ke6 62. Nxh4 Nd4 63. Nf3 Ne2+ 64. Kg4 Nc3 65. h4 Nxe4 66. Ng5+ 1-0

[Event "World Youth U-16 Olympiad 2018"]
[Site "Konya"]
[Date "2018.11.26"]
[Round "3"]
[White "Yaniv, Yuval"]
[Black "Pipiras, Filipa Fortuna"]
[Result "1/2-1/2"]
[WhiteElo "2209"]
[BlackElo "1860"]
[Annotator "NA"]
[PlyCount "113"]
[EventDate "2018.11.25"]
[EventType "team-tourn"]
[EventCountry "TUR"]
[SourceTitle "playchess.com"]
[Source "ChessBase"]
[SourceQuality "1"]
[WhiteTeam "Israel"]
[BlackTeam "Portugal"]
[WhiteTeamCountry "ISR"]
[BlackTeamCountry "POR"]

1. e4 e5 2. Nf3 Nc6 3. Bb5 a6 4. Ba4 Nf6 5. O-O Be7 6. Re1 b5 7. Bb3 d6 8. c3 O-O 9. d4 exd4 10. cxd4 Bg4 11. Be3 Na5 12. Bc2 c5 13. Nbd2 Nc6 14. d5 Ne5 15. h3 Bxf3 16. Nxf3 Nc4 17. Bc1 Nd7 18. b3 Bf6 19. Rb1 Nce5 20. Nxe5 Bxe5 21. f4 Bd4+ 22. Be3 Bxe3+ 23. Rxe3 Qh4 24. Qf3 Rae8 25. Rbe1 Qf6 26. e5 dxe5 27. fxe5 Rxe5 28. Rxe5 Nxe5 29. Bxh7+ Kxh7 30. Qh5+ Kg8 31. Rxe5 Qf4 32. Re1 g6 33. Qe5 Qxe5 34. Rxe5 Rd8 35. Kf2 f6 36. Re6 Kf7 37. Rxa6 Rxd5 38. Ke3 c4 39. bxc4 bxc4 40. Ra4 Rd3+ 41. Ke4 Rd5 42. Ke3 Rd3+ 43. Ke4 Rd2 44. g4 Ke7 45. Rxc4 Rxa2 46. Rc7+ Ke6 47. Rc6+ Kf7 48. Rc7+ Ke6 49. Rc6+ Kf7 50. Kd5 Rd2+ 51. Ke4 g5 52. Rc7+ Kg6 53. Rc3 Re2+ 54. Kf3 Rh2 55. Kg3 Rd2 56. Kf3 Rh2 57. Kg3 1/2-1/2

[Event "World Youth U-16 Olympiad 2018"]
[Site "Konya"]
[Date "2018.11.26"]
[Round "3"]
[White "Li, Wenxiang"]
[Black "Pecorini, Angie"]
[Result "1-0"]
[WhiteElo "2172"]
[BlackElo "1861"]
[Annotator "NA"]
[PlyCount "46"]
[EventDate "2018.11.25"]
[EventType "team-tourn"]
[EventCountry "TUR"]
[SourceTitle "playchess.com"]
[Source "ChessBase"]
[SourceQuality "1"]
[WhiteTeam "China"]
[BlackTeam "Switzerland"]
[WhiteTeamCountry "CHN"]
[BlackTeamCountry "SUI"]

1. d4 Nf6 2. c4 e6 3. Nc3 Bb4 4. f3 d5 5. a3 Bxc3+ 6. bxc3 O-O 7. cxd5 exd5 8. e3 c5 9. Bd3 Re8 10. Ne2 Nc6 11. O-O c4 12. Bb1 b5 13. Ng3 a5 14. e4 Bb7 15. e5 Nd7 16. f4 b4 17. Bd2 Qb6 18. Kh1 bxc3 19. Bxc3 Qb3 20. Qd2 Qb6 21. Nh5 a4 22. Bc2 Qd8 23. Rf3 g6 1-0

[Event "World Youth U-16 Olympiad 2018"]
[Site "Konya"]
[Date "2018.11.26"]
[Round "3"]
[White "Schneider, Jana"]
[Black "Johannsson, Birkir Isak"]
[Result "1-0"]
[WhiteElo "2163"]
[BlackElo "1949"]
[Annotator "NA"]
[PlyCount "43"]
[EventDate "2018.11.25"]
[EventType "team-tourn"]
[EventCountry "TUR"]
[SourceTitle "playchess.com"]
[Source "ChessBase"]
[SourceQuality "1"]
[WhiteTeam "Germany"]
[BlackTeam "Iceland"]
[WhiteTeamCountry "GER"]
[BlackTeamCountry "ISL"]

1. e4 c5 2. Nf3 d6 3. d4 cxd4 4. Nxd4 Nf6 5. Nc3 a6 6. Be3 e6 7. Qf3 Nbd7 8. O-O-O Qc7 9. Qg3 b5 10. a3 Bb7 11. f3 Rc8 12. Bxb5 axb5 13. Ndxb5 Qb8 14. Nxd6+ Bxd6 15. Qxd6 Qxd6 16. Rxd6 Ke7 17. Rhd1 Rhd8 18. a4 Nb8 19. Bc5 Rxd6 20. Bxd6+ Ke8 21. Nb5 Na6 22. Ba3 1-0

[Event "World Youth U-16 Olympiad 2018"]
[Site "Konya"]
[Date "2018.11.26"]
[Round "3"]
[White "Caputcuoglu, Zeki Berke"]
[Black "Degraeve, Remy"]
[Result "0-1"]
[WhiteElo "2156"]
[BlackElo "2384"]
[Annotator "TA"]
[PlyCount "110"]
[EventDate "2018.11.25"]
[EventType "team-tourn"]
[EventCountry "TUR"]
[SourceTitle "playchess.com"]
[Source "ChessBase"]
[SourceQuality "1"]
[WhiteTeam "Turkey"]
[BlackTeam "France"]
[WhiteTeamCountry "TUR"]
[BlackTeamCountry "FRA"]

1. e4 e5 2. Nf3 Nc6 3. Nc3 Nf6 4. Bb5 Bb4 5. O-O O-O 6. d3 Bxc3 7. bxc3 d6 8. Bg5 Qe7 9. Re1 a6 10. Bc4 h6 11. Bh4 Na5 12. Bb3 g5 13. Bg3 Bg4 14. d4 c5 15. dxe5 dxe5 16. c4 Ne8 17. Qd3 f6 18. Nd2 Be6 19. Nf1 Nd6 20. Ne3 b5 21. Nd5 Qd8 22. Qe3 Bxd5 23. exd5 Rc8 24. c3 Naxc4 25. Qe2 Qd7 26. Qh5 Kg7 27. a4 Ra8 28. Qe2 Qf7 29. Bc2 Qxd5 30. Rad1 Qf7 31. Qd3 Kg8 32. Qf3 Rad8 33. h4 bxa4 34. h5 a3 35. Bg6 Qb7 36. Qe2 Qc7 37. Qd3 Nb2 38. Qd5+ Nf7 39. Qe6 Rxd1 40. Rxd1 Nxd1 41. Qxf6 Nd8 42. Qxa6 Nc6 43. Qxa3 Qd6 44. Qb3+ Kg7 45. Qb7+ Ne7 46. Bc2 Nxc3 47. Kh2 Ncd5 48. Qb2 Nc6 49. Be4 c4 50. Qb5 Nc3 51. Qxc6 Qxc6 52. Bxc6 Kf6 53. f3 Rc8 54. Bb7 Rc7 55. Ba6 Na2 0-1

[Event "World Youth U-16 Olympiad 2018"]
[Site "Konya"]
[Date "2018.11.26"]
[Round "3"]
[White "Juhasz, Agoston"]
[Black "Gedik, Kerem Bilge"]
[Result "1-0"]
[WhiteElo "2139"]
[BlackElo "1211"]
[Annotator "NA"]
[PlyCount "65"]
[EventDate "2018.11.25"]
[EventType "team-tourn"]
[EventCountry "TUR"]
[SourceTitle "playchess.com"]
[Source "ChessBase"]
[SourceQuality "1"]
[WhiteTeam "Hungary"]
[BlackTeam "Turkey"]
[WhiteTeamCountry "HUN"]
[BlackTeamCountry "TUR"]

1. e4 e6 2. d4 d5 3. Bd3 c5 4. exd5 cxd4 5. Bb5+ Bd7 6. Bxd7+ Qxd7 7. dxe6 Qxe6+ 8. Ne2 Nc6 9. O-O O-O-O 10. Nd2 g5 11. Nf3 d3 12. cxd3 g4 13. Ng5 Qg6 14. Qb3 Nh6 15. d4 Kb8 16. d5 Na5 17. Qc3 Be7 18. Bf4+ Ka8 19. Qxa5 Bxg5 20. Bc7 Rde8 21. Nd4 Nf5 22. Nb5 a6 23. d6 g3 24. Bb6 gxh2+ 25. Kh1 Bd8 26. Bxd8 Rxd8 27. Rad1 Rhg8 28. Nc7+ Ka7 29. Qc5+ b6 30. Qc6 Rxd6 31. Rxd6 Nxd6 32. Rd1 Ne4 33. Nb5+ 1-0

[Event "World Youth U-16 Olympiad 2018"]
[Site "Konya"]
[Date "2018.11.26"]
[Round "3"]
[White "Bulatova, Kamaliya"]
[Black "De Silva, Tenara"]
[Result "1-0"]
[WhiteElo "2108"]
[BlackElo "2023"]
[Annotator "NA"]
[PlyCount "103"]
[EventDate "2018.11.25"]
[EventType "team-tourn"]
[EventCountry "TUR"]
[SourceTitle "playchess.com"]
[Source "ChessBase"]
[SourceQuality "1"]
[WhiteTeam "Russia"]
[BlackTeam "Sri Lanka"]
[WhiteTeamCountry "RUS"]
[BlackTeamCountry "SRI"]

1. d4 Nf6 2. c4 g6 3. Nc3 d5 4. cxd5 Nxd5 5. Bd2 Bg7 6. e4 Nxc3 7. Bxc3 O-O 8. Qd2 b6 9. Bc4 Bb7 10. f3 Nd7 11. Ne2 e5 12. d5 c6 13. Rd1 cxd5 14. Bxd5 Bxd5 15. Qxd5 Nc5 16. b4 Qxd5 17. Rxd5 Na6 18. O-O Rfd8 19. Rfd1 Bf6 20. a3 Rxd5 21. exd5 Kg7 22. d6 Rd8 23. Ng3 Nb8 24. Ne4 Nc6 25. f4 Rd7 26. b5 Nd4 27. fxe5 Bxe5 28. Bxd4 Bxd4+ 29. Rxd4 f5 30. Nd2 Kf6 31. Nc4 Ke6 32. a4 Kf6 33. Kf2 Ke6 34. Kf3 Kf6 35. a5 bxa5 36. Nxa5 Ke6 37. Nc6 Rxd6 38. Rxd6+ Kxd6 39. Nxa7 Kc5 40. Kf4 Kb6 41. Nc8+ Kxb5 42. Nd6+ Kc6 43. Ke5 Kc5 44. h4 Kc6 45. Nf7 Kc5 46. Ng5 h5 47. Ne6+ Kc4 48. Nf4 Kc3 49. Nxg6 Kd3 50. Kxf5 Ke2 51. g4 hxg4 52. Kxg4 1-0

[Event "World Youth U-16 Olympiad 2018"]
[Site "Konya"]
[Date "2018.11.26"]
[Round "3"]
[White "Brilej, Jaka"]
[Black "Garcia de Dios, Jose Antonio"]
[Result "0-1"]
[WhiteElo "2101"]
[BlackElo "2194"]
[Annotator "NA"]
[PlyCount "53"]
[EventDate "2018.11.25"]
[EventType "team-tourn"]
[EventCountry "TUR"]
[SourceTitle "playchess.com"]
[Source "ChessBase"]
[SourceQuality "1"]
[WhiteTeam "Slovenia"]
[BlackTeam "Mexico"]
[WhiteTeamCountry "SLO"]
[BlackTeamCountry "MEX"]

1. e4 e6 2. d4 d5 3. Nc3 Bb4 4. e5 c5 5. a3 Bxc3+ 6. bxc3 Ne7 7. Qg4 Qc7 8. Bd2 Nbc6 9. Nf3 Bd7 10. Bd3 c4 11. Be2 O-O-O 12. O-O f6 13. Qxg7 fxe5 14. Nxe5 Nf5 15. Qg4 Nxe5 16. dxe5 Qxe5 17. Rfe1 Rhg8 18. Qf4 Qg7 19. Bf3 Rdf8 20. Kh1 Nh4 21. Qxh4 Rxf3 22. Rg1 Qf7 23. Be3 e5 24. h3 Rf5 25. g4 Rf3 26. Rg2 Bc6 27. Kg1 0-1

[Event "World Youth U-16 Olympiad 2018"]
[Site "Konya"]
[Date "2018.11.26"]
[Round "3"]
[White "Liyanage, Ranindu Dilshan"]
[Black "Murzin, Volodar"]
[Result "0-1"]
[WhiteElo "2100"]
[BlackElo "2340"]
[Annotator "TA"]
[PlyCount "182"]
[EventDate "2018.11.25"]
[EventType "team-tourn"]
[EventCountry "TUR"]
[SourceTitle "playchess.com"]
[Source "ChessBase"]
[SourceQuality "1"]
[WhiteTeam "Sri Lanka"]
[BlackTeam "Russia"]
[WhiteTeamCountry "SRI"]
[BlackTeamCountry "RUS"]

1. e4 c5 2. Nf3 d6 3. d4 cxd4 4. Nxd4 Nf6 5. Nc3 a6 6. h4 Nc6 7. Be3 Ng4 8. Nxc6 bxc6 9. Bd2 h5 10. Bc4 g6 11. Qe2 Bg7 12. f3 Ne5 13. O-O-O O-O 14. Rhg1 Nxc4 15. Qxc4 Qb6 16. Qb3 Bd4 17. Qxb6 Bxb6 18. Rh1 f6 19. Na4 Bc7 20. Rdg1 Kf7 21. c4 Be6 22. b3 d5 23. Nc5 dxe4 24. Nxe6 Kxe6 25. Re1 f5 26. fxe4 f4 27. Rhf1 Rad8 28. Re2 Rd3 29. e5 f3 30. gxf3 Rdxf3 31. Rxf3 Rxf3 32. Rg2 Kf7 33. e6+ Kf6 34. Bg5+ Kxe6 35. Re2+ Be5 36. Bxe7 Kf5 37. Kc2 Bd4 38. Rg2 Ke4 39. Re2+ Kf5 40. Rg2 Be3 41. Kd1 Bf4 42. Bg5 Be5 43. Ke2 Rh3 44. Kf1 Rh1+ 45. Rg1 Rxg1+ 46. Kxg1 Ke4 47. Kf2 Kd3 48. Kf3 Bd6 49. Bf6 Kc2 50. Ke2 Kb1 51. Kd3 Kxa2 52. Kc2 Ka3 53. Bg5 Bf8 54. Kc3 Bb4+ 55. Kc2 Ka2 56. Bf6 Bc5 57. Bg5 Bd6 58. Bf6 Ka3 59. Bg5 Ka2 60. Bf6 Bc5 61. Bg5 Bf8 62. Bf6 Ka3 63. Kc3 Bd6 64. Bg5 Be5+ 65. Kc2 Kb4 66. Be7+ c5 67. Bg5 Bc3 68. Bd8 Be1 69. Kb2 a5 70. Kc2 a4 71. bxa4 Kxc4 72. Kd1 Bc3 73. Kc2 Bd4 74. Be7 Bf2 75. Bd8 Be1 76. Kd1 Bg3 77. a5 Kb5 78. Kd2 Be5 79. Kd3 Bb2 80. Kc2 Ba3 81. Kd3 Bb4 82. Ke4 Bxa5 83. Bg5 c4 84. Ke5 c3 85. Kd4 Kb4 86. Ke5 c2 87. Ke6 Bd8 88. Bd2+ Kc4 89. Kf7 Bxh4 90. Kxg6 Be1 91. Bc1 h4 0-1

[Event "World Youth U-16 Olympiad 2018"]
[Site "Konya"]
[Date "2018.11.26"]
[Round "3"]
[White "Fernandes, Ricardo Paulos"]
[Black "Cohen Revivo, Shoham"]
[Result "0-1"]
[WhiteElo "2096"]
[BlackElo "2299"]
[Annotator "NA"]
[PlyCount "58"]
[EventDate "2018.11.25"]
[EventType "team-tourn"]
[EventCountry "TUR"]
[SourceTitle "playchess.com"]
[Source "ChessBase"]
[SourceQuality "1"]
[WhiteTeam "Portugal"]
[BlackTeam "Israel"]
[WhiteTeamCountry "POR"]
[BlackTeamCountry "ISR"]

1. d4 e6 2. c4 b6 3. Nf3 Bb7 4. Nc3 Bb4 5. Bf4 Nf6 6. e3 O-O 7. Be2 Ne4 8. Qc2 d6 9. O-O Bxc3 10. bxc3 Nd7 11. a4 a5 12. Bd3 f5 13. Qb3 e5 14. c5+ Kh8 15. c6 Bxc6 16. Qc4 Bb7 17. dxe5 dxe5 18. Bxe4 fxe4 19. Nxe5 Nxe5 20. Bxe5 Ba6 21. Qxc7 Qxc7 22. Bxc7 Bxf1 23. Kxf1 Rfc8 24. Bxb6 Rxc3 25. Bd4 Rc2 26. Rb1 Rac8 27. g3 Rc1+ 28. Rxc1 Rxc1+ 29. Kg2 Rc4 0-1

[Event "World Youth U-16 Olympiad 2018"]
[Site "Konya"]
[Date "2018.11.26"]
[Round "3"]
[White "Li, William"]
[Black "Celik, Eylul"]
[Result "1-0"]
[WhiteElo "2077"]
[BlackElo "1950"]
[Annotator "NA"]
[PlyCount "99"]
[EventDate "2018.11.25"]
[EventType "team-tourn"]
[EventCountry "TUR"]
[SourceTitle "playchess.com"]
[Source "ChessBase"]
[SourceQuality "1"]
[WhiteTeam "Canada"]
[BlackTeam "Turkey"]
[WhiteTeamCountry "CAN"]
[BlackTeamCountry "TUR"]

1. d4 d5 2. c4 c6 3. e3 e6 4. g3 Bd6 5. b3 f5 6. Ne2 Nf6 7. Bb2 O-O 8. Bg2 Qe7 9. O-O Nbd7 10. Nf4 g5 11. Nd3 g4 12. Nc3 Qg7 13. Ne2 Re8 14. Nef4 Ne4 15. Rc1 Ndf6 16. Rc2 Ng5 17. Ne5 Nd7 18. Qa1 Nf6 19. a4 Qe7 20. a5 Bd7 21. a6 b6 22. cxd5 cxd5 23. Nxd7 Qxd7 24. Rfc1 Rac8 25. Qa4 Rxc2 26. Rxc2 Qxa4 27. bxa4 Kf7 28. Nd3 Nd7 29. Ne5+ Nxe5 30. dxe5 Bc5 31. Bd4 Bxd4 32. exd4 Re7 33. Rc8 Rd7 34. Kf1 Ke7 35. Ke2 Rd8 36. Rc7+ Rd7 37. Rb7 Nf7 38. Ke3 Nd8 39. Rb8 Rc7 40. Bf1 Rc3+ 41. Kd2 Rc7 42. Bb5 h6 43. Ra8 h5 44. Rb8 Nc6 45. Bxc6 Rxc6 46. Rb7+ Kd8 47. Rxa7 Kc8 48. Ra8+ Kc7 49. Rh8 Rc4 50. a7 1-0

[Event "World Youth U-16 Olympiad 2018"]
[Site "Konya"]
[Date "2018.11.26"]
[Round "3"]
[White "Easwaralingam, Adesh"]
[Black "Khachatryan, Anna"]
[Result "0-1"]
[WhiteElo "2075"]
[BlackElo "2121"]
[Annotator "NA"]
[PlyCount "76"]
[EventDate "2018.11.25"]
[EventType "team-tourn"]
[EventCountry "TUR"]
[SourceTitle "playchess.com"]
[Source "ChessBase"]
[SourceQuality "1"]
[WhiteTeam "Denmark"]
[BlackTeam "Armenia"]
[WhiteTeamCountry "DEN"]
[BlackTeamCountry "ARM"]

1. e4 c5 2. Nf3 Nc6 3. Bb5 g6 4. Bxc6 dxc6 5. d3 Bg7 6. h3 b6 7. O-O e5 8. a3 a5 9. Be3 Ne7 10. Qd2 h6 11. Nc3 f5 12. exf5 gxf5 13. Qe2 O-O 14. Rfe1 Ng6 15. Bd2 Ba6 16. Qd1 c4 17. dxc4 Bxc4 18. Be3 Qc7 19. Qc1 Kh7 20. h4 Rae8 21. h5 Ne7 22. Nh4 Bf7 23. Qd1 Bf6 24. Ng6 Nxg6 25. hxg6+ Bxg6 26. Na4 c5 27. c4 f4 28. Bd2 e4 29. Nc3 Bxc3 30. Bxc3 f3 31. g3 Qc8 32. Re3 h5 33. Kh2 h4 34. Qd6 Re6 35. Qd2 Bf5 36. Qd5 hxg3+ 37. fxg3 Rh6+ 38. Kg1 f2+ 0-1

[Event "World Youth U-16 Olympiad 2018"]
[Site "Konya"]
[Date "2018.11.26"]
[Round "3"]
[White "Aubert, Estee"]
[Black "Aydin, Gulenay"]
[Result "0-1"]
[WhiteElo "2062"]
[BlackElo "1791"]
[Annotator "NA"]
[PlyCount "60"]
[EventDate "2018.11.25"]
[EventType "team-tourn"]
[EventCountry "TUR"]
[SourceTitle "playchess.com"]
[Source "ChessBase"]
[SourceQuality "1"]
[WhiteTeam "France"]
[BlackTeam "Turkey"]
[WhiteTeamCountry "FRA"]
[BlackTeamCountry "TUR"]

1. d4 Nf6 2. Bf4 g6 3. Nc3 d5 4. e3 Bg7 5. h4 h5 6. Nf3 O-O 7. Be2 c5 8. Ne5 Nc6 9. Qd2 Be6 10. f3 Nd7 11. Nxd7 Qxd7 12. Bb5 Rac8 13. Na4 cxd4 14. exd4 b6 15. Be3 Qb7 16. Nc3 Na5 17. O-O-O Nc4 18. Bxc4 Rxc4 19. Rdg1 b5 20. Kb1 Rfc8 21. g4 b4 22. Ne2 hxg4 23. fxg4 Qd7 24. h5 Bxg4 25. hxg6 Rxc2 26. gxf7+ Kf8 27. Qe1 Qf5 28. Rh8+ Bxh8 29. Bh6+ Kxf7 30. Nc3 Re2+ 0-1

[Event "World Youth U-16 Olympiad 2018"]
[Site "Konya"]
[Date "2018.11.26"]
[Round "3"]
[White "Briem, Stephan"]
[Black "Wachinger, Nikolas"]
[Result "0-1"]
[WhiteElo "2062"]
[BlackElo "2338"]
[Annotator "TA"]
[PlyCount "24"]
[EventDate "2018.11.25"]
[EventType "team-tourn"]
[EventCountry "TUR"]
[SourceTitle "playchess.com"]
[Source "ChessBase"]
[SourceQuality "1"]
[WhiteTeam "Iceland"]
[BlackTeam "Germany"]
[WhiteTeamCountry "ISL"]
[BlackTeamCountry "GER"]

1. d4 Nf6 2. c4 g6 3. Nc3 Bg7 4. e4 d6 5. h3 O-O 6. Bg5 c5 7. d5 e6 8. Nf3 exd5 9. cxd5 Re8 10. Nd2 Nxe4 11. Bxd8 Nxc3+ 12. Be2 Nxd1 0-1

[Event "World Youth U-16 Olympiad 2018"]
[Site "Konya"]
[Date "2018.11.26"]
[Round "3"]
[White "Kong, Ren En"]
[Black "Bekasovs, Rihards"]
[Result "1/2-1/2"]
[WhiteElo "2059"]
[BlackElo "2182"]
[Annotator "ChessBase"]
[PlyCount "111"]
[EventDate "2018.11.25"]
[EventType "team-tourn"]
[EventCountry "TUR"]
[SourceTitle "playchess.com"]
[Source "ChessBase"]
[SourceQuality "1"]
[WhiteTeam "Malaysia"]
[BlackTeam "Latvia"]
[WhiteTeamCountry "MAS"]
[BlackTeamCountry "LAT"]

1. d4 Nf6 2. c4 c5 3. d5 b5 4. cxb5 a6 5. bxa6 g6 6. Nc3 Bg7 7. Nf3 O-O 8. e4 Qa5 9. Qc2 Nxe4 10. Qxe4 Bxc3+ 11. Bd2 Bxd2+ 12. Nxd2 Bxa6 13. Be2 d6 14. Qe3 Nd7 15. O-O Bxe2 16. Qxe2 Ra7 17. Nb3 Qd8 18. Rfe1 Nf6 19. Qc4 Qa8 20. Rad1 Ra4 21. Qc2 Ra7 22. Qd2 Re8 23. a3 Ra4 24. g3 Ra7 25. Nc1 Rb8 26. b3 Rbb7 27. a4 c4 28. bxc4 Rxa4 29. c5 Ne4 30. Rxe4 Rxe4 31. c6 Ra7 32. Qb2 e6 33. dxe6 Rxe6 34. Nd3 Rc7 35. Nb4 Rxc6 36. Nxc6 Qxc6 37. Qb8+ Re8 38. Qb3 Rd8 39. Rd5 Qc1+ 40. Kg2 Qc6 41. Qf3 Qd7 42. h4 h5 43. Rg5 Kh7 44. Qd3 Kg7 45. Qd4+ Kh7 46. Qd3 Kg7 47. Qd4+ Kh7 48. Qd3 f5 49. g4 hxg4 50. h5 Rg8 51. hxg6+ Rxg6 52. Rxf5 Qb7+ 53. Kg1 Qe7 54. Qd5 Kg7 55. Qd4+ Rf6 56. Qxg4+ 1/2-1/2

[Event "World Youth U-16 Olympiad 2018"]
[Site "Konya"]
[Date "2018.11.26"]
[Round "3"]
[White "Golubovskis, Maksims"]
[Black "Eng, Jia Qian"]
[Result "1/2-1/2"]
[WhiteElo "2049"]
[BlackElo "1942"]
[Annotator "NA"]
[PlyCount "89"]
[EventDate "2018.11.25"]
[EventType "team-tourn"]
[EventCountry "TUR"]
[SourceTitle "playchess.com"]
[Source "ChessBase"]
[SourceQuality "1"]
[WhiteTeam "Latvia"]
[BlackTeam "Malaysia"]
[WhiteTeamCountry "LAT"]
[BlackTeamCountry "MAS"]

1. e4 c6 2. d4 d5 3. Nc3 dxe4 4. Nxe4 Bf5 5. Ng3 Bg6 6. h4 h6 7. Nf3 Nd7 8. h5 Bh7 9. Bd3 Bxd3 10. Qxd3 e6 11. Bd2 Ngf6 12. O-O-O Be7 13. Kb1 O-O 14. Ne4 Nxe4 15. Qxe4 Nf6 16. Qe2 Qd5 17. Be3 b5 18. Ne5 a5 19. g4 Ne4 20. Rhg1 a4 21. f3 Ng5 22. Bxg5 Bxg5 23. Qe4 Rac8 24. Rge1 Qxe4 25. fxe4 Rfd8 26. Rd3 Bf6 27. Nf3 Rd7 28. Red1 Rcd8 29. c3 Kf8 30. Kc2 Kg8 31. R1d2 Kf8 32. Kd1 Kg8 33. Ke2 Kf8 34. Rd1 Kg8 35. Ne1 Bg5 36. Nc2 Be7 37. Kf3 Kh8 38. d5 Bc5 39. Nd4 cxd5 40. e5 Rb7 41. Nc2 Kg8 42. b3 Ra8 43. Nd4 Bxd4 44. Rxd4 f6 45. Kf4 1/2-1/2

[Event "World Youth U-16 Olympiad 2018"]
[Site "Konya"]
[Date "2018.11.26"]
[Round "3"]
[White "Kreutzmann, Duke"]
[Black "Song, Yuxin"]
[Result "0-1"]
[WhiteElo "2049"]
[BlackElo "2178"]
[Annotator "NA"]
[PlyCount "96"]
[EventDate "2018.11.25"]
[EventType "team-tourn"]
[EventCountry "TUR"]
[SourceTitle "playchess.com"]
[Source "ChessBase"]
[SourceQuality "1"]
[WhiteTeam "Switzerland"]
[BlackTeam "China"]
[WhiteTeamCountry "SUI"]
[BlackTeamCountry "CHN"]

1. d4 Nf6 2. Bf4 e6 3. e3 c5 4. c3 Nc6 5. Nd2 d5 6. Ngf3 Bd6 7. Bg3 Bxg3 8. hxg3 Qd6 9. Bb5 Bd7 10. Bxc6 Bxc6 11. Ne5 Qc7 12. g4 Nd7 13. Ndf3 cxd4 14. exd4 Nf8 15. g5 f6 16. Nd3 Ng6 17. gxf6 gxf6 18. Qe2 Qd6 19. Qe3 O-O-O 20. O-O-O Bb5 21. Rhe1 Rde8 22. g3 Kb8 23. Kb1 Re7 24. Nd2 e5 25. Nb3 Rhe8 26. dxe5 fxe5 27. Qc5 Qxc5 28. Ndxc5 b6 29. Nd3 a5 30. Ndc1 a4 31. Nd2 e4 32. Nf1 Rd8 33. Ne3 Red7 34. Nf5 Rf8 35. Nd4 Ba6 36. Rd2 Ne5 37. Ne6 Rf6 38. Nf4 Nf3 39. Red1 Rfd6 40. Nce2 Bxe2 41. Nxe2 Kb7 42. Kc2 Kc6 43. Nd4+ Kc5 44. b4+ axb3+ 45. axb3 Rf6 46. b4+ Kd6 47. g4 Rdf7 48. Nf5+ Ke5 0-1

[Event "World Youth U-16 Olympiad 2018"]
[Site "Konya"]
[Date "2018.11.26"]
[Round "3"]
[White "Sankova, Stella"]
[Black "Gholami Orimi, Mahdi"]
[Result "0-1"]
[WhiteElo "2039"]
[BlackElo "2326"]
[Annotator "TA"]
[PlyCount "75"]
[EventDate "2018.11.25"]
[EventType "team-tourn"]
[EventCountry "TUR"]
[SourceTitle "playchess.com"]
[Source "ChessBase"]
[SourceQuality "1"]
[WhiteTeam "Slovakia"]
[BlackTeam "Iran"]
[WhiteTeamCountry "SVK"]
[BlackTeamCountry "IRI"]

1. e4 e5 2. Nf3 Nc6 3. Bc4 Bc5 4. c3 Nf6 5. d3 a6 6. Bb3 d6 7. Nbd2 h6 8. h3 Ba7 9. Nf1 Be6 10. Ng3 O-O 11. Qe2 Na5 12. Bc2 b5 13. Nh4 d5 14. Ngf5 c5 15. Qf3 Kh8 16. g4 Nh7 17. Qg3 Nc6 18. Nf3 Bb8 19. Qg2 Rg8 20. Rg1 Qd7 21. Ne3 Ne7 22. h4 Bc7 23. Bd2 Rad8 24. Qh2 d4 25. Nf5 c4 26. cxd4 exd4 27. Bf4 Bxf4 28. Qxf4 Nc6 29. a3 a5 30. Rd1 Rge8 31. dxc4 bxc4 32. Qg3 Rg8 33. Ba4 Qb7 34. Kf1 d3 35. Bxc6 Qxc6 36. Ne5 Qb7 37. Nxc4 Qxe4 38. Ncd6 0-1

[Event "World Youth U-16 Olympiad 2018"]
[Site "Konya"]
[Date "2018.11.26"]
[Round "3"]
[White "Koubova, Anna Marie"]
[Black "Maameri, Insaf"]
[Result "1-0"]
[WhiteElo "2022"]
[BlackElo "1366"]
[Annotator "NA"]
[PlyCount "50"]
[EventDate "2018.11.25"]
[EventType "team-tourn"]
[EventCountry "TUR"]
[SourceTitle "playchess.com"]
[Source "ChessBase"]
[SourceQuality "1"]
[WhiteTeam "Czech Republic"]
[BlackTeam "Algeria"]
[WhiteTeamCountry "CZE"]
[BlackTeamCountry "ALG"]

1. d4 Nf6 2. c4 e6 3. Nf3 c5 4. d5 exd5 5. cxd5 d6 6. Nc3 Be7 7. e4 Bg4 8. Be2 Nbd7 9. Nh4 Ne5 10. Bxg4 Nexg4 11. Nf5 g6 12. Nh6 Qd7 13. h3 Nxh6 14. Bxh6 Rg8 15. f4 Nh5 16. O-O Ng3 17. Rf3 Bh4 18. Qd3 O-O-O 19. Rxg3 Bxg3 20. Qxg3 f5 21. Bg5 Rde8 22. e5 dxe5 23. fxe5 b5 24. e6 Qb7 25. Qd6 b4 1-0

[Event "World Youth U-16 Olympiad 2018"]
[Site "Konya"]
[Date "2018.11.26"]
[Round "3"]
[White "Hercog, Nusa"]
[Black "Mejia Granados, Paulina Isabel"]
[Result "1-0"]
[WhiteElo "2017"]
[BlackElo "1839"]
[Annotator "NA"]
[PlyCount "97"]
[EventDate "2018.11.25"]
[EventType "team-tourn"]
[EventCountry "TUR"]
[SourceTitle "playchess.com"]
[Source "ChessBase"]
[SourceQuality "1"]
[WhiteTeam "Slovenia"]
[BlackTeam "Mexico"]
[WhiteTeamCountry "SLO"]
[BlackTeamCountry "MEX"]

1. d4 Nf6 2. c4 c5 3. d5 b5 4. cxb5 a6 5. bxa6 g6 6. Nc3 Bxa6 7. Nf3 Bg7 8. e4 Bxf1 9. Kxf1 d6 10. g3 O-O 11. Kg2 Nbd7 12. a4 Ng4 13. Qe2 Nge5 14. Nd2 Nb8 15. f4 Ned7 16. Nc4 Nb6 17. Nxb6 Qxb6 18. Nb5 Na6 19. Ra3 Nb4 20. Qc4 Ra6 21. b3 Rfa8 22. h4 Rf8 23. Re1 Raa8 24. Re2 Rac8 25. Bb2 Bxb2 26. Rxb2 Qa5 27. Ra1 Qa8 28. Rd2 Rcd8 29. Kh2 Qc8 30. Re1 f6 31. e5 fxe5 32. fxe5 Qf5 33. exd6 exd6 34. Nc7 Rf7 35. Ne6 Re8 36. Ng7 Kxg7 37. Rxe8 Qf3 38. a5 Rf5 39. Re7+ Kh6 40. g4 Rf4 41. g5+ Kh5 42. Rxh7+ Kg4 43. Rg2+ Qxg2+ 44. Kxg2 Rxc4 45. bxc4 Kf4 46. Rf7+ Ke5 47. Rf6 Kd4 48. Rxg6 Kxc4 49. Rxd6 1-0